Современные проблемы науки и образования. Т. 5: Международный студенческий научный форум, 2018 (Запись № 11036559)

Подробности
000 -МАРКЕР
контрольное поле 02340nam2a2200313 4500
001 - ИДЕНТИФИКАТОР ЗАПИСИ
контрольное поле RU\NLR\BIBL_A\011930601
005 - ИДЕНТИФИКАТОР ВЕРСИИ
контрольное поле 20200128143406.0
010 ## - МЕЖДУНАРОДНЫЙ СТАНДАРТНЫЙ НОМЕР КНИГИ (ISBN)
Номер (ISBN) 978-5-6041392-2-6
Тираж 500
021 ## - НОМЕР ГОСУДАРСТВЕННОЙ РЕГИСТРАЦИИ
Код страны Российская Федерация
Номер КН-П-18-101462
Номер Листа государственной регистраци КН-П-18-7352
035 ## - ДРУГИЕ СИСТЕМНЫЕ НОМЕРА
Идентификатор записи (NLR Aleph) 011930601
100 ## - ДАННЫЕ ОБЩЕЙ ОБРАБОТКИ
Данные общей обработки 20190207d2018 k y0rusy50 ca
101 0# - ЯЗЫК РЕСУРСА
Язык текста, звукозаписи и т.д. русский
102 ## - СТРАНА ПУБЛИКАЦИИ ИЛИ ПРОИЗВОДСТВА
Страна публикации Российская Федерация
105 ## - ПОЛЕ КОДИРОВАННЫХ ДАННЫХ: ТЕКСТОВЫЕ МАТЕРИАЛЫ, МОНОГРАФИЧЕСКИЕ
Кодированные данные о монографическом текстовом документе a|||z|||100zy
200 1# - ЗАГЛАВИЕ И СВЕДЕНИЯ ОБ ОТВЕТСТВЕННОСТИ
Основное заглавие Международный студенческий научный форум, 2018
Сведения, относящиеся к заглавию [материалы X международной студенческой научной конференции, 1 декабря 2017 г. - 21 мая 2018 г.]
210 ## - ПУБЛИКАЦИЯ, РАСПРОСТРАНЕНИЕ И ДР.
Дата издания, распространения и т.д. 2018
215 ## - ФИЗИЧЕСКАЯ ХАРАКТЕРИСТИКА
Специфическое обозначение материала и объем 107 с.
Другие сведения о физической характеристике ил., табл.
320 ## - ПРИМЕЧАНИЯ О НАЛИЧИИ В ДОКУМЕНТЕ БИБЛИОГРАФИИ / УКАЗАТЕЛЯ
Текст примечания Библиогр. в конце ст.
461 #0 - УРОВЕНЬ НАБОРА
Встроенное поле 001RU\NLR\BIBL_A\011781548
-- 2001#$aСовременные проблемы науки и образования$e(продолжающееся издание)$e[материалы научных конференций]$fИздательский дом "Академия естествознания", [Российская академия естествознания$gредакционная коллегия: доктор медицинских наук, профессор, академик, главный редактор Ледванов Михаил Юрьевич и другие]$vТ. 5
Системный номер (АБИС) связанной записи 11779315
Место публикации Москва
Дата публикации 2018
Первые сведения об ответственности Издательский дом "Академия естествознания", [Российская академия естествознания
Имя издателя, распространителя и т.д. Академия Естествознания
Сведения, относящиеся к заглавию (продолжающееся издание) : [материалы научных конференций]
Заглавие Современные проблемы науки и образования
Номер тома Т. 5
606 1# - НАИМЕНОВАНИЕ ТЕМЫ КАК ПРЕДМЕТ
Наименование темы Медицина
Формальный подзаголовок Съезды, совещания и т.п
Системный номер авторитетной/нормативной записи 892737
Идентификатор авторитетной/нормативной записи RU\NLR\AUTH\662895
686 1# - ИНДЕКСЫ ДРУГИХ КЛАССИФИКАЦИЙ
Индекс Р.я431(2)
711 12 - НАИМЕНОВАНИЕ ОРГАНИЗАЦИИ - АЛЬТЕРНАТИВНАЯ ОТВЕТСТВЕННОСТЬ
Начальный элемент ввода "Студенческий научный форум 2018", международная студенческая научная конференция
Порядковый номер временной организации и / или порядковый номер ее части 10
Место проведения временной организации Москва
Дата проведения временной организации 2017-2018
Системный номер авторитетной/нормативной записи 648708
Идентификатор авторитетной/нормативной записи RU\NLR\AUTH\880494400
852 ## - МЕСТОНАХОЖДЕНИЕ И ШИФР ХРАНЕНИЯ
Идентификатор организации NLR
Шифр хранения (Call Number) 2018-8/2528
942 ## - ДОПОЛНИТЕЛЬНЫЕ ЭЛЕМЕНТЫ ЗАПИСИ (АБИС)
Тип экземпляра АБИС Книга
980 ## - КОЛЛЕКЦИЯ
Название коллекции Национальная библиография
Экземпляры
Тип экземпляра Дата поступления Источник поступления Библиотека постоянного хранения Библиотека текущего хранения Место хранения Шифр хранения Штрих-код Статус экземпляра
Книга 07.02.2019 Обязательный экземпляр РНБ (Московский) РНБ (Московский) Русский книжный фонд: издания с 1957 года 2018-8/2528 1-2611901  
Книга 07.02.2019 Обязательный экземпляр РНБ (Московский) РНБ (Московский) Русский книжный фонд: издания с 1957 года 2018-8/2528 1-2611902